Spell the Marvel Character #52 - Statistics

General Stats
  • This quiz has been taken 20 times
  • The average score is 6 of 8
Answer Stats
Picture Answer % Correct
Captain Marvel
94%
Spider-Woman
94%
America Chavez
76%
Lockheed
76%
Yellowjacket
65%
Crystal
59%
Triton
59%
Red Wolf
53%
No matching quizzes found
Score Distribution
Percent of People with Each Score
Percentile by Number Answered
Your Score History
You have not taken this quiz